Chaîne de mots : mythologie greco-romaine - Statistiques

Statistiques générales
  • Ce quiz a été pris 64 fois
  • Le résultat moyen est 10 sur 21
Statistiques - réponses
Hint Réponse % Correct
Roi des dieux grecs Zeus
100%
Dieu des vents grec Éole
78%
Dieu grec de l'amour Éros
78%
Titan condamné à soutenir la voute céleste Atlas
73%
Titanide incarnation de la Lune grecque Sélène
67%
Boisson divine qui, avec l'ambroisie, assure l'immortalité aux dieux Nectar
65%
Roi condamné à pousser un rocher sempiternellement Sisyphe
56%
Nymphe s'étant éprise de Narcisse et condamnée à répéter les mots d'autrui Écho
51%
Dieu des arts et des maladies, autant grec que romain Apollon
49%
Déesse de la nuit, "fille" de Chaos Nyx
49%
Titanide mère des Olypmiens grecques Rhéa
47%
Roi de Mycènes qui mena les troupes grecques pendant la guerre de Trois Agamemnon
45%
Titanide de l'aurore grecques Éos
36%
Dieu du sommeil romain Somnus
31%
Chasseur géant qui fut proche d'Artémis Orion
29%
Dieu de la médecine romain Esculape
27%
Lac habitée par des oiseaux aux becs et aux griffes d'airains et aux plumes d'acier Stymphale
27%
Mère des monstres et épouse de Typhon Échidna
22%
Princesse phéacienne qui accueillit Ulysse vers la fin de son épopée Nausicaa
20%
Princesse mère de Dionysos Sémélé
16%
Île de la magicienne Circé (parfois appelé Ééa) Aiaia
7%
Aucun quiz correspondant
Distribution des résultats
% des personnes avec chaque résultat
Percentile par nombre de réponses
Votre historique - résultats
Vous n’avez pas pris ce quiz